Strojárska ročenka 1990

Uložené v:
Podrobná bibliografia
Médium: Kniha
Jazyk:Slovak
Vydavateľské údaje: Bratislava Alfa 1989
Vydanie:1. vyd.
Edícia:Edícia strojárskej literatúry
Tagy: Pridať tag
Žiadne tagy, Buďte prvý, kto otaguje tento záznam!

MARC

LEADER 00000nam a2200000 4500
001 c028129
005 20221128074007.9
041 0 |a slo 
044 |a SK 
245 1 0 |a Strojárska ročenka 1990 
250 |a 1. vyd. 
264 1 |a Bratislava  |b Alfa  |c 1989 
300 |a 355 s. 
490 1 |a Edícia strojárskej literatúry 
830 0 |a Edícia strojárskej literatúry